Direito financeiro e tributário / (Record no. 718)

MARC details
000 -LÍDER
Campo Fixo de Controle 00696nam a2200241 a 4500
001 - NÚMERO DE CONTROLE
Campo de Controle 718
003 - IDENTIFICAÇÃO DO NÚMERO DE CONTROLE
Campo de Controle BR-CuiBMT
005 - DATA E HORA DA ÚLTIMA ATUALIZAÇÃO
Campo de Controle 20231114191311.0
008 - DADOS FIXOS
Dados Fixos 231114s2013 spb 001 0 por d
020 ## - INTERNATIONAL STANDARD BOOK NUMBER
Nº do ISBN 9788522475544
040 ## - AGÊNCIA CATALOGADORA
Código da Agência Catalogadora BR-CuiBMT
Agência que transcreveu o registro BR-CuiBMT
080 ## - Nº DA CLASSIFICAÇÃO DECIMAL UNIVERSAL
Nº edição CDU 2007
Nº Class. CDU 347.73:336.22
090 ## - NÚMERO DE CHAMADA
Nº classificação 347.73:336.22
Cutter H254d
Ano/Edição 22. ed.
100 1# - ENTRADA PRINCIPAL -- AUTOR PESSOAL
Nome pessoal Harada, Kiyoshi
Datas associadas ao nome 1941-
245 ## - TÍTULO PRINCIPAL
Título principal Direito financeiro e tributário /
Indicação de responsabilidade Kiyoshi Harada
250 ## - EDIÇÃO
Edição 22. ed., rev. e ampl.
260 ## - PUBLICAÇÃO, DISTRIBUIÇÃO, ETC.
Local de publicação São Paulo:
Editora Atlas,
Data 2013.
300 ## - DESCRIÇÃO FÍSICA
N. páginas ou volumes 824 p.
Dimensões 24 cm
504 ## - NOTA DE BIBLIOGRAFIA, ETC.
Nota de bibliografia inclui bibliografia e índice.
650 ## - ASSUNTO TÓPICO
Cabeçalho tópico ou nome geográfico Direito financeiro
Subdivisão geográfica Brasil
650 ## - ASSUNTO TÓPICO
Cabeçalho tópico ou nome geográfico Direito tributário
Subdivisão geográfica Brasil
942 ## - ELEMENTOS DE ENTRADA ADICIONAIS (KOHA)
Fonte de classificação ou esquema de arquivamento Classificação Decimal Universal
Tipo de item do Koha Livros
Holdings
Estado: removido Estado: perdido Fonte de classificação ou esquema de arquivamento Estado: danificado Indisponível para empréstimo Localização permanente Localização atual Data de aquisição Total Checkouts Número de Chamada completo Código de barras Date last seen Número do exemplar Preço efetivo a partir de Tipo de item (Koha)
    Classificação Decimal Universal     Biblioteca da Escola Superior de Contas do TCE/MT Biblioteca da Escola Superior de Contas do TCE/MT 02/04/2013   347.73:336.22 H254d BIBTCEMT23110569 14/11/2023 Ex. 1 14/11/2023 Livros

Powered by Koha